| 000 | 01064nam a22003857a 4500 | ||
|---|---|---|---|
| 001 | 0010272 | ||
| 003 | KOHA_MİRAKIL | ||
| 005 | 20260207001738.0 | ||
| 007 | ta | ||
| 008 | 091105b1995 tu |||gr||||#||||0|tur | | ||
| 020 | _a9757926108 | ||
| 040 |
_aTR-BiSEU _btur _cTR-BiSEU _erda |
||
| 041 | 0 | _atur | |
| 044 | _ctu | ||
| 050 |
_aKKX3794 _b.T87 1995 |
||
| 245 | 0 |
_aTürk ceza kanunu/ _chaz. Sedat Bakıcı. |
|
| 264 | 1 |
_aAnkara : _bAdalet Yayınevi _c1995 |
|
| 300 | _a758 sayfa; 16 cm. | ||
| 336 |
_ametin _btxt _2rdacontent |
||
| 337 |
_aaracısız _bn _2rdamedia |
||
| 338 |
_acilt _bnc _2rdacarrier |
||
| 490 | 1 | _aAdalet Basım Yayım San. | |
| 490 | 1 | _ave Tic. | |
| 490 | 1 | _aLtd. | |
| 490 | 1 | _aŞti.. | |
| 490 | 1 |
_aHukuk yayınları dizisi ; _v 10 |
|
| 650 | 0 |
_aCeza hukuku--Türkiye. _96941 |
|
| 650 | 0 |
_aCriminal law--Turkey. _96942 |
|
| 830 | 1 |
_aAdalet Basım Yayım San. _925242 |
|
| 830 | 1 |
_ave Tic. _99399 |
|
| 830 | 1 |
_aLtd. _925243 |
|
| 830 | 1 |
_aŞti.. _925244 |
|
| 830 | 1 |
_aHukuk yayınları dizisi ; _v 10 _925245 |
|
| 942 |
_2lcc _cBK |
||
| 999 |
_c10244 _d10244 |
||